15 chevaux de fiction - Statistiques

Statistiques générales
  • Ce quiz a été pris 1 162 fois
  • Le résultat moyen est 5 sur 15
Statistiques - réponses
Indice Nom % Correct
Cheval ailé divin de la mythologie grecque Pégase
92%
Cheval de Yakari Petit Tonnerre
77%
Cheval de Lucky Luke Jolly Jumper
75%
L'étalon des plaines, héros d'un Dreamworks de 2002 Spirit
69%
Cheval de Zorro Tornado
52%
Pokémon de première génération de type feu Ponyta
51%
Jument de Link, dans les jeux Zelda Epona
30%
Centaure professeur de divination à Poudlard Firenze
28%
Cheval de Gandalf Gripoil
27%
Nom donné par Geralt de Riv à tout ses chevaux Ablette
16%
Cheval de Don Quichotte Rossinante
14%
Cheval principal de 'Cheval de guerre' Joey
7%
Cheval blessé de 'L'homme qui murmurait à l'oreille des chevaux' Pilgrim
5%
Cheval de She-Ra Fougor
4%
Licorne ailée de la Princesse Starla Sunstar
3%
Aucun quiz correspondant
Distribution des résultats
% des personnes avec chaque résultat
Percentile par nombre de réponses
Votre historique - résultats
Vous n’avez pas pris ce quiz